LEADER 01140nam a2200301 u 4500 001 000000059504 003 CaOOAMICUS 005 20070226120816.0 008 010702s1956 it u000 u ita u 035 $a10894822 040 $aIAR$bita$dPUL(R) 041 1 $aita$heng 100 1 $aVartanian, Aram.$0(OLS)http://pul/name/41032 240 10$aDiderot and Descartes.$lItaliano.$0(OLS)http://pul/title/79663 245 10$aDiderot e Descartes /$cAram Vartanian. 260 $aMilano :$bFeltrinelli,$c1956. 300 $a301 p. ;$c23 cm 500 $aContiene indice. 504 $aBibliografia: p. 289-298. 600 14$aDiderot, Denis,$d1713-1784.$0(OLS)http://pul/subject/23164 600 14$aDescartes, René,$d1596-1650.$0(OLS)http://pul/subject/2595 850 $aPUL 852 $aPUL$W1$xSL Filosofia 1$y2$m83 B 39$j77585$nBK-PRI$b $qStampati$B77585$CPULBib$Z2$F77585 $H $81 941 1 $a8 960 $aCartesio,$d1596-1650$92595 961 $aINV: 18372 996 $6245$aDiderot e Descartes$9(OLS)http://pul/title/79664 996 $6260$aMilano :$bFeltrinelli$9(OLS)http://pul/publisher/48846 LEADER 01771nam a2200337 a 4500 001 000000138425 003 CaOOAMICUS 005 20140515101411.0 008 140515s2012 enk u000 u eng r 020 $z9781409437727* 040 $aPUL$bita 082 04$a271.5 100 1 $aMcCoog, Thomas M.,$cS.I.$0(OLS)http://pul/name/62590 245 14$aThe Society of Jesus in Ireland, Scotland, and England, 1589-1597 :$bbuilding the faith of Saint Peter upon the King of Spain's monarchy /$cThomas M. McCoog. 260 $aFarnham, Surrey, England ;$aBurlington, Vt. :$bAshgate,$c©2012$a[Roma] :$bInstitutum Historicum Societatis Iesu 300 $axiv, 467 p. ;$c24 cm 490 1 $aCatholic Christendom, 1300-1700 490 1 $aBibliotheca Instituti Historici S.I. ;$v73 504 $aBibliografia p. [419]-447. 610 24$aGesuiti$xStoria$ySec. XVI.$0(OLS)http://pul/subject/26948 830 0$aCatholic Christendom, 1300-1700.$0(OLS)http://pul/title/175222 830 0$aBibliotheca Instituti Historici S.I. ;$v73.$0(OLS)http://pul/title/11851 850 $aPUL 852 $aPUL$W1$xSL Religione 3$y85$m271. 5 MCCTH 1$j159640$qDDC 21$B159178$CPULBib$Z2$F159178 $H123980 $82 941 1 $a9 996 $6020$z9781409437727*$9(OLS)http://pul/number/155267 996 $6082$a271.5$9(OLS)http://pul/classification/1856 996 $6245$aThe Society of Jesus in Ireland, Scotland, and England, 1589-1597 :$bbuilding the faith of Saint Peter upon the King of Spain's monarchy$9(OLS)http://pul/title/175221 996 $6260$aFarnham, Surrey, England ;$aBurlington, Vt. :$bAshgate$9(OLS)http://pul/publisher/81954 996 $6260$a[Roma] :$bInstitutum Historicum Societatis Iesu$9(OLS)http://pul/publisher/82695